Toward the scientific study of history : Selected essays

This is a stunning paper on what is to be done with and about the Middle Period. The analysis is impressive, and the writing extraordinarily clear and vigorous and ordered.

Kaydedildi:
Detaylı Bibliyografya
Yazar: Benson, Lee
Materyal Türü: Kitap
Dil:Undetermined
Baskı/Yayın Bilgisi: Philadelphia, Pennsylvania J. B. Lippincott 1972
Konular:
Etiketler: Etiketle
Etiket eklenmemiş, İlk siz ekleyin!
Thư viện lưu trữ: Trung tâm Học liệu Trường Đại học Cần Thơ
LEADER 00743nam a2200217Ia 4500
001 CTU_43069
008 210402s9999 xx 000 0 und d
082 |a 909 
082 |b B474 
100 |a Benson, Lee 
245 0 |a Toward the scientific study of history : 
245 0 |b Selected essays 
245 0 |c Lee Benson 
260 |a Philadelphia, Pennsylvania 
260 |b J. B. Lippincott 
260 |c 1972 
520 |a This is a stunning paper on what is to be done with and about the Middle Period. The analysis is impressive, and the writing extraordinarily clear and vigorous and ordered. 
650 |a History 
650 |x Study and teaching 
904 |i Minh, 010824 
980 |a Trung tâm Học liệu Trường Đại học Cần Thơ